000 00673nam a2200241Ia 4500
003 OSt
005 20220928113137.0
006 a|||||r|||| 00| 0
007 ta
008 220927b |||||||| |||| 00| 0 eng d
024 _a63327
037 _cTextual
040 _aSDCL
_cSDCL
_beng
041 _2eng
_aeng
082 _aR693jN10, N1
100 _aDhaky M A Ed.
_9431698
245 0 _aDalsukh Bhai Malvania.
260 _aVaranasi
_bP V Research Institute
_c1991
300 _aVarious Pagination
_ccm.
700 _a Jain Sagarmal Ed.
_9392671
942 _hR693jN10, N1
_cTEXL
_2CC
999 _c748226
_d748226